000 00511nam a2200169 a 4500
005 20220902123658.0
008 991125s2003 mx 000 0 spa u
035 _aUPN01000006695
049 _aF
050 4 _aF1232 H5
_bL6.2
100 1 _aLombardo Toledano, Vicente,
_d1894-1968
245 1 0 _aActualidad viva de los ideales del cura Hidalgo /
_cVicente Lombardo Toledano.
260 _aMéxico :
_bSEP,
_c[2003].
300 _a30 p.
600 1 2 _aHidalgo y Costilla, Miguel,
_d1753-1811
_916388
905 _aLibro
999 _c6695
_d6695